| 000 | 00465nam a2200169Ia 4500 | ||
|---|---|---|---|
| 003 | GCL | ||
| 008 | 140319s9999 xx 000 0 eng d | ||
| 040 |
_aGCL / _cGCL |
||
| 082 | 0 | 4 |
_a530.12 _bV D |
| 100 | 1 | _aVELTMAN, MARTINUS | |
| 245 | 1 | 0 |
_aDIAGRAMMATICA: THE PATH TO FEYNMAN DIAGRAMS / _cVELTMAN, MARTINUS |
| 260 |
_a[S.N] : _bCAMBRIBGE UNIVERSITY PRESS ، _c1994 |
||
| 300 | _a284 P | ||
| 650 | 0 | 4 | _aQUANTUM MECHANICS |
| 650 | 0 | 4 | _aDIAGRAMMS |
| 942 |
_2ddc _cBK |
||
| 999 |
_c21060 _d21060 |
||